| 000 | 00929cam a22001934a 4500 | ||
|---|---|---|---|
| 005 | 20250605163959.0 | ||
| 008 | 250528s ||||||||||||||||||||||||d | ||
| 035 | _a15560 | ||
| 020 | _a201627698 | ||
| 040 |
_aGR-AtMCL _bgre _dGR-AtMCL _eAACR2 |
||
| 245 | 1 | _aHuman-Computer Interaction | |
| 260 |
_bAddison-Wesley Publishing Company, _c1994 |
||
| 300 | _a780 | ||
| 520 | _aThis book is flexibly structured to allow a variety of learning paths for students in computer science, engineering, psychology and cognitive science. Foreword, Preface, Acknowledgements, What is HCI, Components of HCI, Interview with Terry Winograd, Human Technology: Humans, Human and Technology: Technology, Interaction Design: Methods and Techniques, Interaction Design: Support for Designers, Interaction Design: Evaluation, Glossary, References, Index. | ||
| 700 | 1 |
_aPreece Jenny _91512 |
|
| 942 | _cBK | ||
| 999 |
_c1131 _d1131 |
||